Music Quiz

Random Music or The Beatles Quiz

The Beatles Albums Quiz Stats

 Plays Quiz Updated Sep 9, 2019

Score 0/13 Timer 05:00
16 Plays Today
Year Album % Correct
1968The Beatles [White Album]
92%
1969Abbey Road
87.8%
1966Revolver
82.5%
1967Sgt Pepper's Lonely Hearts Club Band
81.6%
1965Help!
80.6%
1970Let It Be
80.5%
1965Rubber Soul
77.8%
1969Yellow Submarine
74.4%
1967Magical Mystery Tour
69.5%
1964A Hard Day's Night
64%
1963Please Please Me
63.6%
1963With The Beatles
60.6%
1964Beatles for Sale
49.2%

You're not logged in!

Compare scores with friends on all Sporcle quizzes.
OR
Log In

Sporcle TV

Today on Sporcle TV


Watch our educational content, quiz creation guides, and fun videos on Sporcle TV.

Show Comments

Extras

Top Quizzes Today


Score Distribution

Your Account Isn't Verified!

In order to create a playlist on Sporcle, you need to verify the email address you used during registration. Go to your Sporcle Settings to finish the process.

Report this User

Report this user for behavior that violates our Community Guidelines.

Details: